Czy wiesz co to za aktor / celebryta... - Statystyki

Ogólne statystyki
  • Ten quiz został rozwiązany 152 razy
  • Średni wynik to 5 z 22
Statystyki odpowiedzi
Imię i nazwisko: Pseudonim artystyczny lub Nick: % Poprawnych
Joanna Klepko Cleo
47%
Małgorzata Jamroży Margaret
45%
Piotr Skowyrski Izak
40%
Katarzyna Szczot Kayah
33%
Piotr Marzec Liroy
33%
Apolonia Chałupiec Pola Negri
32%
Borys Michalak Borys Szyc
31%
Marek Hoffmann AdBuster
29%
Czesław Juliusz Wydrzycki Czesław Niemen
29%
Paulina Ignasiak Paulla
29%
Czesława Gospodarek Violetta Villas
26%
Wojciech Basuira Wojciech Modest Amaro
25%
Tamara Gonzalez-Perea Macademian Girl
24%
Izabella Anna Mikołajczak Izabella Miko
19%
Anna Maria Szmeterling Anna Jantar
18%
Bohdan Eugene Junod Eugeniusz Bodo
15%
Jerzy Pająk Jerzy Połomski
14%
Dominik Makowski Cyber Marian
9%
Witold Czamara Donatan
9%
Aleksandra Wąsik Aleksandra Śląska
5%
Maria Pietruszyńska Hanka Ordonówna
4%
Michał Jesionowski Michu
4%
Nie znaleziono quizów pasujących do podanych kryteriów
Rozkład punktacji
Procent ludzi z każdym wynikiem
Percentyl według liczby udzielonych odpowiedzi
Twoja historia wyników
Nie rozwiązałeś tego quizu